000 00446pab a2200169 454500
008 180718b2002 xxu||||| |||| 00| 0 eng d
100 _aCastello, Amparo
245 _aHuman capital inequality and economic growth: some new evidence
260 _c2002
300 _ap.C187-C200.
362 _aMar
650 _aIncome distribution
650 _aEconomic growth
700 _aDomenech, Rafael
773 _aEconomic Journal
909 _a52249
999 _c52249
_d52249